Dôvodová správa k zákonu o investičných stimuloch

Dôvodová správa k zákonu o investičných stimuloch. Problematika investičných stimulov ako štátnej pomoci. Súlad navrhovaného zákona s Ústavou SR, právnym poriadkom SR a medzinárodnými záväzkami.

Gespeichert in:
Bibliographische Detailangaben
Format: Buchkapitel
Sprache:Slowakisch
Schlagworte:
Tags: Tag hinzufügen
Keine Tags, Fügen Sie das erste Tag hinzu!

MARC

LEADER 00000naa a2200000 4500
001 r043671
005 20230927065211.2
041 0 |a slo 
044 |a SK 
245 1 0 |a Dôvodová správa k zákonu o investičných stimuloch 
520 |a Dôvodová správa k zákonu o investičných stimuloch. Problematika investičných stimulov ako štátnej pomoci. Súlad navrhovaného zákona s Ústavou SR, právnym poriadkom SR a medzinárodnými záväzkami. 
610 2 0 |a pomoc štátna 
610 2 0 |a správy dôvodové 
610 2 0 |a stimuly ekonomické 
610 2 0 |a rozvoj regionálny 
610 2 0 |a investície rozvojové 
610 2 0 |a Slovensko 
610 2 0 |a 2001